01005nam a2200193 i 4500001000700000003000900007005001700016008004100033100004900074245012000123260005300243300002100296490008800317650006900405830009300474852010100567999001900668952012400687187914ES-MaACL20251004063229.0180323s1927 sp |||| | spa d1 aArtigas Ferrando, Miguel, d1887-194792347110aAspectos del hispanismo en la Alemania actual b: conferencia dada el 15 de febrero de 1927 / cpor Miguel Artigas. aMadrid : b[s.n.], c1927 (fBlass tipogragía) a15 p. ; c23 cm.1 aConferencias dadas en el Centro de intercambio intelectual germano-español ; v13 4aCivilización hispánica-xInvestigación-zAlemania.916443700aConferencias dadas en el Centro de Intercambio Intelectual Germano-Españolv139192904 aES-MaACLjC-8111(7) z.- Donat. del Centro de Intercambio Intelectual Germano-Español (Madrid) c187914d187914 00104070aATENEOMbATENEOMcSPALd2018-03-23eDONl0oC-8111(7)p1198566r2023-02-23 00:00:00w2023-02-23yMONOGRAFIA